[Event "Junior Online 4NCL Division 5"]
[Site "online"]
[Date "2021.03.04"]
[EventDate "2021.03.04"]
[Round "4.141"]
[White "Srinivasan, Raghav"]
[WhiteElo "1545"]
[WhiteTeam "Chess Challengers B"]
[Black "Tsagkarakis, Georgios"]
[BlackElo "975"]
[BlackTeam "Lenzie Dementors"]
[Result "0-1"]
[PlyCount "118"]

1. e4 e5 2. Nf3 Nc6 3. Bb5 Bc5 4. Bxc6 dxc6 5. Nxe5 Qd4 6. Nd3 Qxe4+ 7. Qe2 Qxe2+ 8. Kxe2 Bf5 9. Nxc5 O-O-O 10. Re1 Bxc2 11. Nc3 b6 12. Nb3 Re8+ 13. Kf1 Bd3+ 14. Ne2 Nf6 15. Nd4 c5 16. Nf3 Re7 17. Ng1 Ng4 18. Nf3 Rhe8 19. h3 Nf6 20. Ng1 Nd5 21. g3 Nb4 22. Kg2 Nc2 23. Nf3 Nxa1 24. Nf4 Rxe1 25. Nxe1 Be4+ 26. Nf3 Nc2 27. d3 Ne1+ 28. Kf1 Bxf3 29. Bd2 Nc2 30. Nh5 Bxh5 31. g4 Bg6 32. h4 Bxd3+ 33. Kg2 Re2 34. Bg5 Ne1+ 35. Kg3 f6 36. Be3 Nc2 37. Bf4 h6 38. b3 Re1 39. Kg2 g5 40. Bh2 Bf1+ 41. Kg3 Nd4 42. hxg5 hxg5 43. Bg1 Ne2+ 44. Kf3 Nxg1+ 45. Kg3 Ne2+ 46. Kf3 Nc1 47. Kg3 Nxa2 48. f4 Re3+ 49. Kf2 Rxb3 50. Kxf1 gxf4 51. Kf2 a5 52. g5 fxg5 53. Kg2 a4 54. Kf2 Nb4 55. Ke2 a3 56. Kd2 a2 57. Ke2 a1=Q 58. Kd2 Qa2+ 59. Kc1 Rb1# 0-1

[Event "Junior Online 4NCL Division 5"]
[Site "online"]
[Date "2021.03.04"]
[EventDate "2021.03.04"]
[Round "4.142"]
[White "Marenduzzo, Ollie"]
[WhiteElo "968"]
[WhiteTeam "Lenzie Dementors"]
[Black "Bhatia, Jai"]
[BlackElo "1584"]
[BlackTeam "Chess Challengers B"]
[Result "0-1"]
[PlyCount "174"]

1. e4 e5 2. d4 Nc6 3. d5 Nce7 4. Nf3 f6 5. Be3 d6 6. Bc4 a6 7. Nc3 b5 8. Bd3 Nh6 9. Bxh6 gxh6 10. O-O Ng6 11. Re1 Nf4 12. Rb1 Qd7 13. Bf1 Qg4 14. Kh1 h5 15. h3 Qg6 16. Nh4 Qg5 17. Nf3 Qh6 18. Ne2 Nxe2 19. Qxe2 Rg8 20. Qe3 Qg6 21. Nh4 Qg7 22. Qf3 Qg5 23. Nf5 Bxf5 24. Qxf5 Qxf5 25. exf5 Bh6 26. Be2 Rg5 27. Bd3 Ke7 28. g3 Rag8 29. a4 Kf7 30. axb5 axb5 31. Ra1 R5g7 32. Bxb5 h4 33. g4 Bf4 34. Ra7 h5 35. Rxc7+ Kf8 36. Rxg7 Rxg7 37. f3 hxg4 38. fxg4 Rb7 39. c4 Ra7 40. Re2 Ra1+ 41. Kg2 Rd1 42. b3 Rd3 43. Kf2 Rxb3 44. Ra2 Bg3+ 45. Kg2 Bf4 46. Ra8+ Ke7 47. Ra7+ Kd8 48. Ra8+ Kc7 49. Ra7+ Kb8 50. Rh7 Rg3+ 51. Kf2 Be3+ 52. Ke2 Rxh3 53. Rh8+ Kc7 54. Rh7+ Kd8 55. Rh8+ Ke7 56. Rh7+ Kf8 57. Rh6 Bxh6 58. c5 dxc5 59. d6 Ra3 60. d7 Ke7 61. g5 h3 62. gxf6+ Kd8 63. f7 h2 64. Bc6 h1=Q 65. Bxh1 Kxd7 66. Bd5 Ra4 67. Bb3 Rb4 68. Be6+ Ke7 69. Kd3 Rh4 70. Kc3 e4 71. Kc2 Rh3 72. Bd5 e3 73. Kd3 Rh4 74. Ke2 Rd4 75. Be6 Rd6 76. Kf3 Rxe6 77. fxe6 Kxe6 78. f8=Q Bxf8 79. Kxe3 Kd5 80. Kd3 c4+ 81. Kc3 Bg7+ 82. Kc2 Kd4 83. Kd2 c3+ 84. Kc2 Kc4 85. Kc1 Kb3 86. Kb1 c2+ 87. Kc1 Bh6# 0-1

[Event "Junior Online 4NCL Division 5"]
[Site "online"]
[Date "2021.03.04"]
[EventDate "2021.03.04"]
[Round "4.143"]
[White "Sharavana, Harshith"]
[WhiteElo "1491"]
[WhiteTeam "Chess Challengers B"]
[Black "Srivastava, Aarav"]
[BlackElo "900"]
[BlackTeam "Lenzie Dementors"]
[Result "0-1"]
[PlyCount "54"]

1. e4 c5 2. Bc4 Nc6 3. Nf3 e6 4. O-O Bd6 5. Nc3 Bb8 6. d3 h6 7. Be3 b6 8. Nb5 a6 9. Nc3 Qc7 10. a3 Nf6 11. b4 Ng4 12. g3 h5 13. bxc5 b5 14. Bb3 f6 15. d4 g5 16. h4 gxh4 17. Nxh4 Ne7 18. Bf4 Qa5 19. Bxb8 Qxc3 20. Bd6 Rg8 21. Bxe7 Kxe7 22. d5 Qe5 23. f4 Qxe4 24. Re1 Ne3 25. Qxh5 Rxg3+ 26. Kf2 Qxf4+ 27. Nf3 Rg2# 0-1

[Event "Junior Online 4NCL Division 5"]
[Site "online"]
[Date "2021.03.04"]
[EventDate "2021.03.04"]
[Round "4.144"]
[White "Banerjee, Supratit"]
[WhiteElo "623"]
[WhiteTeam "Lenzie Dementors"]
[Black "Patel, Ananya"]
[BlackElo "1501"]
[BlackTeam "Chess Challengers B"]
[Result "0-1"]
[PlyCount "132"]

1. e4 e5 2. Nf3 Nf6 3. Nxe5 Nc6 4. Nxc6 dxc6 5. Nc3 Bc5 6. h3 O-O 7. Be2 Re8 8. d3 b6 9. O-O Nd7 10. d4 Bb4 11. Bf3 Qf6 12. e5 Qg6 13. Bh5 Qe6 14. f4 Ba6 15. f5 Qe7 16. f6 Qd8 17. Qg4 g6 18. Qg5 Bxf1 19. Qh6 Bf8 20. Qg5 Ba6 21. Qh4 c5 22. Bf3 Rb8 23. Bh6 Kh8 24. Bg5 cxd4 25. Qxd4 Bc5 26. Qxc5 Nxc5 27. Bh6 Rxe5 28. Bg7+ Kg8 29. Rd1 Qe8 30. Nd5 Rd8 31. Ne7+ Rxe7 32. Rxd8 Qxd8 33. fxe7 Qxe7 34. Bc3 Na4 35. Bd2 Qc5+ 36. Kh2 Nxb2 37. Bc1 Nc4 38. Bf4 Ne3 39. Bxe3 Qxe3 40. Kg3 Qg5+ 41. Kf2 h5 42. Kg1 Qc1+ 43. Kh2 g5 44. Bxh5 Qxc2 45. Bf3 f5 46. Bd5+ Kg7 47. Bb3 Qe4 48. Bd1 f4 49. Bf3 Qf5 50. Kg1 Bc8 51. Kh2 Be6 52. Bg4 Qe5 53. Bf3 Bxa2 54. Kg1 Qe3+ 55. Kh2 Kg6 56. Kh1 c5 57. Kh2 c4 58. Kh1 c3 59. Kh2 Qe1 60. h4 Qxh4+ 61. Kg1 c2 62. Be4+ Kf6 63. Bxc2 Qe1+ 64. Kh2 Qe2 65. Ba4 f3 66. Bc6 Qxg2# 0-1

[Event "Junior Online 4NCL Division 5"]
[Site "online"]
[Date "2021.03.04"]
[EventDate "2021.03.04"]
[Round "4.145"]
[White "Tsagkarakis, Georgios"]
[WhiteElo "975"]
[WhiteTeam "Lenzie Dementors"]
[Black "Srinivasan, Raghav"]
[BlackElo "1545"]
[BlackTeam "Chess Challengers B"]
[Result "1-0"]
[PlyCount "137"]

1. e4 e5 2. Nf3 Nc6 3. Nc3 Nf6 4. Bc4 Bb4 5. d3 d6 6. h3 Nd4 7. Bd2 Nxf3+ 8. Qxf3 Bxc3 9. Bxc3 Be6 10. Bxe6 fxe6 11. Bd2 O-O 12. Qg3 Nh5 13. Qg4 Nf6 14. Qxe6+ Kh8 15. Bg5 h6 16. Bxf6 Qxf6 17. Qxf6 gxf6 18. O-O-O a5 19. Rhf1 a4 20. f4 b5 21. Rf2 Kg7 22. Rdf1 b4 23. fxe5 dxe5 24. Rf3 a3 25. b3 Rf7 26. Rg3+ Kh7 27. Rf5 Raf8 28. h4 Rg7 29. Rxg7+ Kxg7 30. h5 Kh7 31. Kd2 Rg8 32. Rf2 Rg5 33. c3 bxc3+ 34. Kxc3 Rxh5 35. Rxf6 Rg5 36. Rf2 Rg8 37. Kb4 Ra8 38. Rf7+ Kg6 39. Rxc7 Kg5 40. Rc5 Kf4 41. g3+ Kxg3 42. Rxe5 Kf4 43. Rh5 Ke3 44. Rxh6 Kxd3 45. e5 Re8 46. Rd6+ Ke4 47. Rd1 Kf5 48. Re1 Rxe5 49. Rxe5+ Kxe5 50. Kxa3 Kd6 51. Kb4 Kc6 52. Kc4 Kb6 53. a4 Kc6 54. b4 Kb6 55. a5+ Ka6 56. Kc5 Kb7 57. b5 Kc7 58. a6 Kb8 59. Kc6 Ka8 60. b6 Kb8 61. a7+ Ka8 62. b7+ Kxa7 63. Kc7 Ka6 64. b8=Q Ka5 65. Kc6 Ka4 66. Kc5 Ka3 67. Kc4 Ka2 68. Kc3 Ka1 69. Qb2# 1-0

[Event "Junior Online 4NCL Division 5"]
[Site "online"]
[Date "2021.03.04"]
[EventDate "2021.03.04"]
[Round "4.146"]
[White "Bhatia, Jai"]
[WhiteElo "1584"]
[WhiteTeam "Chess Challengers B"]
[Black "Marenduzzo, Ollie"]
[BlackElo "968"]
[BlackTeam "Lenzie Dementors"]
[Result "1-0"]
[PlyCount "147"]

1. e4 d5 2. Nc3 dxe4 3. Nxe4 Bf5 4. Nc3 Nc6 5. Bb5 Qd6 6. Qf3 Bxc2 7. Bxc6+ bxc6 8. Nh3 Bd3 9. Ng5 Nh6 10. Nge4 Qd7 11. Nc5 Qd6 12. Nxd3 g6 13. Nb5 Qe6+ 14. Kf1 Rc8 15. Nxa7 Ra8 16. Qxc6+ Qxc6 17. Nxc6 Bg7 18. Ke2 Ra6 19. Ncb4 Re6+ 20. Kd1 Ng4 21. Kc2 O-O 22. Re1 Rxe1 23. Nxe1 Nxf2 24. d3 Ng4 25. Nc6 e6 26. Nf3 Ra8 27. a4 Ra6 28. Ncd4 Nxh2 29. Nxh2 Bxd4 30. Nf3 Bg7 31. a5 Rc6+ 32. Kb3 Ra6 33. Ra4 Bf8 34. Bd2 f5 35. Ka2 h6 36. b4 c6 37. Ne5 g5 38. Nd7 Bd6 39. Nc5 Ra8 40. a6 Kf7 41. a7 f4 42. Nd7 Bc7 43. Bc3 g4 44. Bd4 f3 45. gxf3 g3 46. Ra6 g2 47. Rxc6 e5 48. Be3 Bd8 49. Rxh6 Kg7 50. Re6 Bg5 51. Bf2 Bf4 52. Ra6 Bg3 53. Bg1 Kf7 54. Nb6 Rxa7 55. Rxa7+ Ke6 56. Rg7 Bf4 57. Rxg2 Kd6 58. Rc2 Ke6 59. Na4 Kd5 60. b5 Ke6 61. b6 Kf5 62. b7 e4 63. dxe4+ Kf6 64. Bd4+ Ke6 65. Nc5+ Kd6 66. Nd3 Ke6 67. Rb2 Bc7 68. Nc5+ Kd6 69. b8=Q Kc6 70. Qb5+ Kd6 71. e5+ Ke7 72. Qd7+ Kf8 73. Ne6+ Kg8 74. Qg7# 1-0

[Event "Junior Online 4NCL Division 5"]
[Site "online"]
[Date "2021.03.04"]
[EventDate "2021.03.04"]
[Round "4.147"]
[White "Srivastava, Aarav"]
[WhiteElo "900"]
[WhiteTeam "Lenzie Dementors"]
[Black "Sharavana, Harshith"]
[BlackElo "1491"]
[BlackTeam "Chess Challengers B"]
[Result "1-0"]
[PlyCount "29"]

1. e4 e5 2. Nf3 Nc6 3. d4 exd4 4. Nxd4 d5 5. Nxc6 bxc6 6. f3 Nf6 7. e5 Nd7 8. f4 f6 9. e6 Nc5 10. f5 Be7 11. Qg4 O-O 12. Bh6 g5 13. Bxf8 Kxf8 14. Qh5 Qd6 15. Qf7# 1-0

[Event "Junior Online 4NCL Division 5"]
[Site "online"]
[Date "2021.03.04"]
[EventDate "2021.03.04"]
[Round "4.148"]
[White "Patel, Ananya"]
[WhiteElo "1501"]
[WhiteTeam "Chess Challengers B"]
[Black "Banerjee, Supratit"]
[BlackElo "623"]
[BlackTeam "Lenzie Dementors"]
[Result "0-1"]
[PlyCount "104"]

1. e4 e5 2. f4 Nc6 3. Nf3 d6 4. Bb5 Nf6 5. Nc3 Be7 6. d3 O-O 7. O-O Nd4 8. Be3 Nxb5 9. Nxb5 a6 10. Nc3 exf4 11. Bxf4 d5 12. Qe2 dxe4 13. dxe4 Re8 14. Rad1 Bd7 15. Ne5 Bd6 16. Nxd7 Nxd7 17. Bxd6 cxd6 18. Rxd6 Qe7 19. Rdd1 Rad8 20. Rf4 Ne5 21. Nd5 Qc5+ 22. Kh1 Ng6 23. Rf3 Rxd5 24. Rxd5 Qxd5 25. exd5 Rxe2 26. h3 h6 27. c4 Rxb2 28. a4 Rb4 29. c5 Rd4 30. d6 Rc4 31. Rd3 Nf4 32. d7 Ne6 33. Rd6 Nd8 34. Rd5 Re4 35. a5 Re7 36. Rd6 f6 37. c6 bxc6 38. Rxc6 Nxc6 39. d8=Q+ Nxd8 40. Kh2 Nc6 41. h4 Nxa5 42. Kh3 Nc6 43. g3 a5 44. h5 a4 45. Kh2 a3 46. Kh3 a2 47. Kh2 a1=Q 48. Kh3 Qh1+ 49. Kg4 Qe4+ 50. Kh3 Qf5+ 51. Kh2 Re2+ 52. Kg1 Qb1# 0-1

[Event "Junior Online 4NCL Division 5"]
[Site "online"]
[Date "2021.03.04"]
[EventDate "2021.03.04"]
[Round "4.151"]
[White "Harb, Laith A"]
[WhiteElo "1256"]
[WhiteTeam "JHJ Shark Tank 8"]
[Black "McAndrew, Max"]
[BlackElo "1113"]
[BlackTeam "Ojays G"]
[Result "1-0"]
[PlyCount "53"]

1. d4 e6 2. c4 Nf6 3. Nf3 Nc6 4. Bg5 Be7 5. e3 b6 6. Nc3 d5 7. a3 h6 8. Bh4 Ne4 9. Bxe7 Qxe7 10. Rc1 Qd7 11. Bd3 f5 12. Qc2 Ba6 13. cxd5 Bxd3 14. dxc6 Bxc2 15. cxd7+ Kxd7 16. Rxc2 Rhf8 17. Nxe4 fxe4 18. Ne5+ Ke8 19. Rxc7 a5 20. Rc6 Rb8 21. Rxe6+ Kd8 22. Rg6 Rc8 23. Rc6 Rb8 24. O-O b5 25. Rfc1 Re8 26. Rc7 g5 27. Nf7# 1-0

[Event "Junior Online 4NCL Division 5"]
[Site "online"]
[Date "2021.03.04"]
[EventDate "2021.03.04"]
[Round "4.152"]
[White "Genc, Guven"]
[WhiteElo "1167"]
[WhiteTeam "Ojays G"]
[Black "Stacey, Edward"]
[BlackElo "1255"]
[BlackTeam "JHJ Shark Tank 8"]
[Result "1-0"]
[PlyCount "125"]

1. e4 e5 2. Nf3 Nc6 3. Bb5 a6 4. Ba4 b5 5. Bb3 Bc5 6. c3 d6 7. d4 Bb6 8. dxe5 dxe5 9. Qxd8+ Kxd8 10. Bxf7 Nf6 11. Bg5 Bd7 12. Bd5 Kc8 13. Bxf6 gxf6 14. Nbd2 Kb7 15. a4 Rhe8 16. b4 Red8 17. O-O Be8 18. c4 Bd4 19. Nxd4 exd4 20. axb5 axb5 21. Rxa8 Rxa8 22. cxb5 Kb6 23. bxc6 Bxc6 24. Bxc6 Kxc6 25. Nf3 Rd8 26. Rd1 Kb5 27. Rxd4 Rxd4 28. Nxd4+ Kxb4 29. Ne6 c5 30. g4 c4 31. Nd4 c3 32. Nc2+ Kc4 33. Kg2 Kd3 34. Ne3 Kxe4 35. Kg3 Kd3 36. Kf4 c2 37. Nxc2 Kxc2 38. Kf5 Kd3 39. Kxf6 Ke4 40. g5 Kf3 41. Kg7 Kxf2 42. Kxh7 Kg2 43. g6 Kxh2 44. g7 Kg3 45. g8=Q+ Kf4 46. Qg6 Ke5 47. Qf7 Ke4 48. Qf6 Ke3 49. Qf5 Ke2 50. Qf4 Ke1 51. Qf3 Kd2 52. Qe4 Kc3 53. Qd5 Kb4 54. Qc6 Kb3 55. Qc5 Kb2 56. Qc4 Ka1 57. Qb4 Ka2 58. Kg6 Ka1 59. Kf5 Ka2 60. Ke4 Ka1 61. Kd3 Ka2 62. Kc2 Ka1 63. Qa3# 1-0

[Event "Junior Online 4NCL Division 5"]
[Site "online"]
[Date "2021.03.04"]
[EventDate "2021.03.04"]
[Round "4.153"]
[White "Han, Qixiang"]
[WhiteElo "1023"]
[WhiteTeam "JHJ Shark Tank 8"]
[Black "Gascoyne, Thomas"]
[BlackElo "1160"]
[BlackTeam "Ojays G"]
[Result "1-0"]
[PlyCount "41"]

1. e4 e5 2. Nf3 Nc6 3. Bb5 d6 4. d4 exd4 5. Nxd4 Bd7 6. O-O Nxd4 7. Bxd7+ Qxd7 8. Qxd4 c5 9. Qe3 Nf6 10. Qf3 d5 11. exd5 Qxd5 12. Qxd5 Nxd5 13. Re1+ Be7 14. Bd2 O-O 15. c4 Nb6 16. Rxe7 Nxc4 17. Bc3 Rad8 18. Re1 Rfe8 19. Rxe8+ Rxe8 20. Nd2 Rd8 21. Nxc4 1-0

[Event "Junior Online 4NCL Division 5"]
[Site "online"]
[Date "2021.03.04"]
[EventDate "2021.03.04"]
[Round "4.154"]
[White "Bhogathi, Abhiram"]
[WhiteElo "1127"]
[WhiteTeam "Ojays G"]
[Black "Pipalia, Ayush"]
[BlackElo "1022"]
[BlackTeam "JHJ Shark Tank 8"]
[Result "1-0"]
[PlyCount "89"]

1. d4 d5 2. c4 dxc4 3. e3 e6 4. Nc3 Bb4 5. Bxc4 Nf6 6. a3 Bxc3+ 7. bxc3 Ne4 8. Qd3 Qh4 9. Qe2 Nxc3 10. Qc2 Ne4 11. g3 Qd8 12. Qxe4 O-O 13. Bd3 f5 14. Qh4 Qxh4 15. gxh4 Nc6 16. Nf3 Bd7 17. Bb5 a6 18. Bxc6 Bxc6 19. Ne5 Bxh1 20. Nd7 Rfd8 21. Ne5 Bd5 22. Bb2 g6 23. Ke2 b6 24. a4 b5 25. axb5 axb5 26. Nd7 Rxd7 27. Rxa8+ Kf7 28. Rh8 Bc4+ 29. Kd2 Kg7 30. d5+ Kf7 31. Rxh7+ Ke8 32. Rxd7 Kxd7 33. f3 Bxd5 34. Kd3 Bxf3 35. Kd4 Kc6 36. Ke5 Bd5 37. Kf6 Kd7 38. Kxg6 Ke7 39. h5 Kf8 40. h6 Kg8 41. h7+ Kf8 42. h8=Q+ Ke7 43. Qf6+ Kd7 44. Ba3 c6 45. Qe7+ 1-0

[Event "Junior Online 4NCL Division 5"]
[Site "online"]
[Date "2021.03.04"]
[EventDate "2021.03.04"]
[Round "4.155"]
[White "McAndrew, Max"]
[WhiteElo "1113"]
[WhiteTeam "Ojays G"]
[Black "Harb, Laith A"]
[BlackElo "1256"]
[BlackTeam "JHJ Shark Tank 8"]
[Result "1-0"]
[PlyCount "29"]

1. e4 c5 2. Nf3 d6 3. Nc3 Nf6 4. d4 cxd4 5. Nxd4 a6 6. g3 b5 7. Bg2 Bb7 8. O-O e6 9. Bg5 Be7 10. Be3 Nbd7 11. f4 O-O 12. Nf3 Nxe4 13. Qd3 Nxc3 14. Ng5 Bxg2 15. Qxh7# 1-0

[Event "Junior Online 4NCL Division 5"]
[Site "online"]
[Date "2021.03.04"]
[EventDate "2021.03.04"]
[Round "4.156"]
[White "Stacey, Edward"]
[WhiteElo "1255"]
[WhiteTeam "JHJ Shark Tank 8"]
[Black "Genc, Guven"]
[BlackElo "1167"]
[BlackTeam "Ojays G"]
[Result "0-1"]
[PlyCount "42"]

1. e4 e5 2. Nf3 Nc6 3. Bc4 Bc5 4. d3 Nf6 5. Bg5 d6 6. h3 h6 7. Bh4 Bd7 8. Nc3 g5 9. Bg3 Qe7 10. Nd5 Nxd5 11. Bxd5 O-O-O 12. c3 f5 13. Bxc6 Bxc6 14. exf5 Rdf8 15. d4 exd4+ 16. Kf1 dxc3 17. bxc3 Rxf5 18. Nd4 Rd5 19. Kg1 Qe4 20. Kh2 Rxd4 21. cxd4 Qxg2# 0-1

[Event "Junior Online 4NCL Division 5"]
[Site "online"]
[Date "2021.03.04"]
[EventDate "2021.03.04"]
[Round "4.157"]
[White "Gascoyne, Thomas"]
[WhiteElo "1160"]
[WhiteTeam "Ojays G"]
[Black "Han, Qixiang"]
[BlackElo "1023"]
[BlackTeam "JHJ Shark Tank 8"]
[Result "0-1"]
[PlyCount "58"]

1. c4 e5 2. Nc3 Nf6 3. e4 Bb4 4. d3 O-O 5. a3 Bxc3+ 6. bxc3 d6 7. Bg5 h6 8. Bxf6 Qxf6 9. d4 Nc6 10. d5 Ne7 11. Nf3 Ng6 12. g3 Bg4 13. Be2 Bh3 14. Ng1 Bg2 15. Bf3 Bxh1 16. Bxh1 a6 17. Qf3 Qxf3 18. Bxf3 b5 19. cxb5 axb5 20. Be2 Rfb8 21. Nh3 b4 22. cxb4 Rxb4 23. axb4 Rxa1+ 24. Bd1 Rb1 25. f4 exf4 26. gxf4 Rxb4 27. e5 Nxf4 28. exd6 Nxh3 29. d7 Rb8 0-1

[Event "Junior Online 4NCL Division 5"]
[Site "online"]
[Date "2021.03.04"]
[EventDate "2021.03.04"]
[Round "4.161"]
[White "Saunders, Oliver"]
[WhiteElo "1104"]
[WhiteTeam "Barnet Knights F"]
[Black "Patel, Thilak"]
[BlackElo "1023"]
[BlackTeam "Maidenhead Juniors 5"]
[Result "1-0"]
[PlyCount "41"]

1. e4 e5 2. Bc4 Nf6 3. Nc3 Bc5 4. h3 Nc6 5. Nf3 O-O 6. d3 d6 7. Bg5 h6 8. Bh4 Bd7 9. Nd5 Nxd5 10. Bxd8 Raxd8 11. Bxd5 Nd4 12. Nxd4 Bxd4 13. Bxb7 Bxb2 14. Rb1 Bc3+ 15. Kf1 Rb8 16. Bd5 Bc8 17. Rxb8 Ba6 18. Rxf8+ Kh7 19. Rxf7 Kg8 20. Rxc7+ Kf8 21. Rxc3 1-0

[Event "Junior Online 4NCL Division 5"]
[Site "online"]
[Date "2021.03.04"]
[EventDate "2021.03.04"]
[Round "4.162"]
[White "Adhikari, Aanya"]
[WhiteElo "1015"]
[WhiteTeam "Maidenhead Juniors 5"]
[Black "Kotha, Vedant"]
[BlackElo "1120"]
[BlackTeam "Barnet Knights F"]
[Result "1-0"]
[PlyCount "29"]

1. e4 c5 2. Nf3 Nf6 3. Nc3 Nc6 4. Bc4 g6 5. Ng5 h6 6. Nxf7 Qc7 7. Nxh8 e6 8. Nxg6 Kf7 9. Nxf8 Kxf8 10. Qf3 Qe5 11. d3 Qd6 12. Qxf6+ Ke8 13. Bxh6 Nd4 14. Qh8+ Ke7 15. Bf8+ 1-0

[Event "Junior Online 4NCL Division 5"]
[Site "online"]
[Date "2021.03.04"]
[EventDate "2021.03.04"]
[Round "4.163"]
[White "Pugh, Ben"]
[WhiteElo "993"]
[WhiteTeam "Barnet Knights F"]
[Black "Markov, Tijana"]
[BlackElo "1015"]
[BlackTeam "Maidenhead Juniors 5"]
[Result "0-1"]
[PlyCount "102"]

1. d4 d5 2. Bf4 Nf6 3. e3 e6 4. Bb5+ Nc6 5. c3 a6 6. Bd3 Bd6 7. Qb3 Bxf4 8. Nf3 Bd6 9. Nbd2 O-O 10. O-O e5 11. dxe5 Bxe5 12. Nxe5 Nxe5 13. Bb1 c6 14. Qc2 g6 15. Nf3 Nxf3+ 16. gxf3 Bf5 17. e4 dxe4 18. fxe4 Bxe4 19. Qxe4 Nxe4 20. Bxe4 Qh4 21. b4 Qxe4 22. f3 Qd3 23. Rad1 Qxc3 24. Rc1 Qxb4 25. Rb1 Qa3 26. Rbd1 Qxa2 27. Rf2 Qxf2+ 28. Kxf2 Rfd8 29. Re1 Rab8 30. Re4 Kg7 31. Ke3 Re8 32. h3 Rxe4+ 33. fxe4 Rd8 34. h4 h5 35. e5 c5 36. Ke4 c4 37. Ke3 c3 38. Kf4 c2 39. e6 fxe6 40. Ke5 c1=Q 41. Kxe6 Rf8 42. Ke7 Qe1+ 43. Kd6 Rd8+ 44. Kc7 Rd2 45. Kxb7 Qc1 46. Ka7 Rb2 47. Ka8 a5 48. Ka7 a4 49. Ka6 a3 50. Ka5 a2 51. Ka4 a1=R# 0-1

[Event "Junior Online 4NCL Division 5"]
[Site "online"]
[Date "2021.03.04"]
[EventDate "2021.03.04"]
[Round "4.164"]
[White "Kota, Ashwath Kumar"]
[WhiteElo "973"]
[WhiteTeam "Maidenhead Juniors 5"]
[Black "Scheffel, Oliver"]
[BlackElo "971"]
[BlackTeam "Barnet Knights F"]
[Result "1-0"]
[PlyCount "92"]

1. d4 d5 2. Bf4 Nf6 3. Nf3 Nc6 4. c3 Bf5 5. e3 Bd7 6. Bd3 e6 7. Nbd2 Be7 8. Qc2 Bf8 9. Be5 Qe7 10. e4 O-O-O 11. O-O-O Nxe5 12. Nxe5 dxe4 13. Nxe4 Nxe4 14. Bxe4 Qg5+ 15. Kb1 Qf6 16. Qb3 b6 17. Qc4 b5 18. Nxd7 Rxd7 19. Qxb5 Kd8 20. Qb8+ Ke7 21. Bc6 Qf5+ 22. Ka1 Qa5 23. Bxd7 Kxd7 24. c4 Qa4 25. Qb5+ Qxb5 26. cxb5 Be7 27. d5 Ke8 28. dxe6 fxe6 29. Rhe1 Kf7 30. Rd7 Rb8 31. Rxc7 Rxb5 32. Rxa7 Rg5 33. g3 Rd5 34. a4 Kf6 35. Ra6 Rd2 36. Raxe6+ Kg5 37. f4+ Kg4 38. Rxe7 Rxh2 39. Rxg7+ Kf3 40. a5 Rc2 41. a6 Rc8 42. a7 Ra8 43. Ree7 h5 44. Rb7 Kg2 45. Rb8 Rxa7+ 46. Rxa7 Kxg3 1-0

[Event "Junior Online 4NCL Division 5"]
[Site "online"]
[Date "2021.03.04"]
[EventDate "2021.03.04"]
[Round "4.166"]
[White "Kotha, Vedant"]
[WhiteElo "1120"]
[WhiteTeam "Barnet Knights F"]
[Black "Adhikari, Aanya"]
[BlackElo "1015"]
[BlackTeam "Maidenhead Juniors 5"]
[Result "0-1"]
[PlyCount "100"]

1. e4 e5 2. Nf3 Nc6 3. Nc3 Nf6 4. g3 Bb4 5. Bg2 d6 6. h3 Bxc3 7. bxc3 Nxe4 8. O-O O-O 9. Qe2 Nf6 10. d3 h6 11. Bb2 Be6 12. d4 Qd7 13. dxe5 dxe5 14. Nxe5 Nxe5 15. Qxe5 Rfe8 16. Qd4 Qxd4 17. cxd4 Rad8 18. Rfe1 Bc4 19. Rxe8+ Rxe8 20. a3 Re2 21. Rc1 Re8 22. Rd1 Rd8 23. Bxb7 Rb8 24. Bg2 Rxb2 25. g4 Rxc2 26. Rb1 Rd2 27. f3 Rxd4 28. h4 Bd5 29. g5 hxg5 30. hxg5 Nh5 31. Bh3 Bxf3 32. Bf5 g6 33. Rb8+ Kg7 34. Rb7 gxf5 35. Rxc7 Rg4+ 36. Kf2 Be4 37. Rxa7 Rxg5 38. Rc7 Rg2+ 39. Ke1 Ra2 40. Rc3 Ra1+ 41. Kd2 f4 42. Ke2 f3+ 43. Kf2 Ra2+ 44. Ke1 f2+ 45. Kf1 Bf5 46. Rf3 Be4 47. Re3 Bc6 48. Re4 Bxe4 49. a4 Bd3+ 50. Kg2 f1=Q# 0-1

[Event "Junior Online 4NCL Division 5"]
[Site "online"]
[Date "2021.03.04"]
[EventDate "2021.03.04"]
[Round "4.167"]
[White "Markov, Tijana"]
[WhiteElo "1015"]
[WhiteTeam "Maidenhead Juniors 5"]
[Black "Pugh, Ben"]
[BlackElo "993"]
[BlackTeam "Barnet Knights F"]
[Result "1-0"]
[PlyCount "91"]

1. e4 c5 2. Nf3 Nc6 3. d4 d6 4. d5 Nb4 5. Nc3 e6 6. a3 Na6 7. dxe6 fxe6 8. Be2 Nc7 9. Bg5 Ne7 10. Bb5+ Bd7 11. Bxd7+ Qxd7 12. O-O O-O-O 13. h3 Ng6 14. Bxd8 Qxd8 15. Qd2 Ne5 16. Nxe5 dxe5 17. Qxd8+ Kxd8 18. Rad1+ Nd5 19. exd5 exd5 20. Rxd5+ Kc7 21. Rxe5 Bd6 22. Re3 Bf4 23. Nd5+ Kc6 24. Nxf4 g5 25. Nd3 c4 26. Nc1 Kd7 27. b3 cxb3 28. Nxb3 Re8 29. Rxe8 Kxe8 30. Re1+ Kd7 31. Nc5+ Kd6 32. Nxb7+ Kc7 33. Nc5 Kc6 34. Ne6 Kd7 35. Nxg5 Kd8 36. Nxh7 Kd7 37. Ng5 Kd8 38. Nf3 Kd7 39. Nd4 Kd6 40. Nb5+ Kc5 41. Nxa7 Kb6 42. Nc8+ Kc7 43. Ne7 Kd6 44. Nf5+ Kd5 45. h4 Kc6 46. h5 1-0

[Event "Junior Online 4NCL Division 5"]
[Site "online"]
[Date "2021.03.04"]
[EventDate "2021.03.04"]
[Round "4.168"]
[White "Scheffel, Oliver"]
[WhiteElo "971"]
[WhiteTeam "Barnet Knights F"]
[Black "Kota, Ashwath Kumar"]
[BlackElo "973"]
[BlackTeam "Maidenhead Juniors 5"]
[Result "0-1"]
[PlyCount "63"]

1. e4 c5 2. Nf3 Nc6 3. Nc3 Nf6 4. Bc4 Nxe4 5. Nxe4 d5 6. Bxd5 Qxd5 7. Nc3 Qd8 8. O-O Bg4 9. Nb5 e6 10. c3 Be7 11. d3 O-O 12. Be3 Ne5 13. Bf4 Bxf3 14. gxf3 Nxd3 15. Nc7 Nxf4 16. Nxa8 Qxa8 17. Qd7 Bf6 18. Qc7 e5 19. Qxc5 b6 20. Qe3 Rd8 21. Qe4 Qc8 22. Rfd1 Qh3 23. Rxd8+ Bxd8 24. Qxf4 exf4 25. Re1 h6 26. Re8+ Kh7 27. Rxd8 Qxf3 28. Ra8 Qxa8 29. Kf1 Qh1+ 30. Ke2 Qxh2 31. Kf3 g5 32. b4 0-1

[Event "Junior Online 4NCL Division 5"]
[Site "online"]
[Date "2021.03.04"]
[EventDate "2021.03.04"]
[Round "4.171"]
[White "Nikolov, Alexander"]
[WhiteElo "1525"]
[WhiteTeam "Desert Penguins Neptune"]
[Black "Bade, Susmita"]
[BlackElo "1135"]
[BlackTeam "Maidenhead Juniors 4"]
[Result "1-0"]
[PlyCount "137"]

1. d4 d5 2. c4 dxc4 3. e4 Nf6 4. Nc3 e6 5. a3 Be7 6. Bxc4 O-O 7. Bg5 c5 8. d5 exd5 9. Nxd5 Nxd5 10. Bxe7 Nxe7 11. Qxd8 Rxd8 12. Nf3 h6 13. O-O Nbc6 14. Rad1 Bg4 15. Rxd8+ Rxd8 16. Nh4 Rd4 17. Bb3 Rxe4 18. f3 Re3 19. Bxf7+ Kxf7 20. fxg4+ Kg8 21. Nf5 Nxf5 22. Rxf5 Ne7 23. Rxc5 Re1+ 24. Kf2 Rb1 25. Rb5 b6 26. Kf3 Kf7 27. Kf4 Ke6 28. g5 Kd7 29. gxh6 gxh6 30. g4 a6 31. Rb3 Kc6 32. h4 b5 33. h5 Kc5 34. g5 Ng8 35. g6 Kc4 36. Rc3+ Kd4 37. Rb3 Rf1+ 38. Kg3 Ke4 39. Kg2 Re1 40. Kf2 Rh1 41. Re3+ Kd4 42. Re6 Rxh5 43. Rxa6 Rf5+ 44. Kg3 h5 45. Ra8 Nf6 46. Rf8 Ne4+ 47. Kh4 Rxf8 48. Kxh5 Nf6+ 49. Kh6 Kc4 50. g7 Ng8+ 51. Kh7 Kb3 52. gxf8=Q Kc2 53. Qxg8 Kxb2 54. Qb8 Kc3 55. Qxb5 Kd4 56. Kg6 Ke4 57. Qc5 Kd3 58. Qb4 Ke3 59. Qc4 Kf3 60. Qd4 Kg3 61. Qe4 Kh3 62. Qf4 Kg2 63. Qe3 Kh2 64. Qf3 Kg1 65. Kg5 Kh2 66. Kg4 Kg1 67. Qe2 Kh1 68. Kg3 Kg1 69. Qg2# 1-0

[Event "Junior Online 4NCL Division 5"]
[Site "online"]
[Date "2021.03.04"]
[EventDate "2021.03.04"]
[Round "4.172"]
[White "Anchan, Anirudh"]
[WhiteElo "1086"]
[WhiteTeam "Maidenhead Juniors 4"]
[Black "Xu, Owen"]
[BlackElo "1480"]
[BlackTeam "Desert Penguins Neptune"]
[Result "1-0"]
[PlyCount "69"]

1. e4 c5 2. Nf3 d6 3. Bc4 h6 4. e5 d5 5. Bb5+ Nd7 6. d4 c4 7. Nc3 a6 8. Bxd7+ Bxd7 9. Nxd5 Bc6 10. Nc3 b5 11. d5 Bb7 12. O-O Qb6 13. Re1 e6 14. dxe6 Qxe6 15. Nd4 Qg6 16. Nf3 Ne7 17. Qd2 Bxf3 18. g3 Nc6 19. Nd5 Bxd5 20. Qxd5 Be7 21. e6 f6 22. Qxc6+ Kd8 23. Qxa8+ Kc7 24. Qa7+ Kc8 25. Qxa6+ Kc7 26. Qxb5 Rb8 27. Qxc4+ Kd8 28. Rd1+ Ke8 29. Qc6+ Kf8 30. Qc7 Re8 31. Bf4 Qe4 32. Bd6 Bxd6 33. Rxd6 Re7 34. Rd8+ Re8 35. Qf7# 1-0